00486nam a2200181Ia 450000500170000000800410001702000200005804000190007804100120009708200150010910000190012424500600014325000120020326000350021530000090025065000350025985000100029420230208120751.0131103s9999 xx 000 0 und d a8170230411(set) aLoreto College aEnglish a820.9bDAI aDaiches, David 2aA critical history of english literaturecDavid Daiches a2nd ed. aLondonbSecker & Warburgc1975 a4V.  aEnglish literature - Criticism aLCLIB